Ethics, conflict and medical treatment for children : From disagreement to dissensus (Record no. 47145)

MARC details
000 -LEADER
fixed length control field 02160nam a2200229Ia 4500
000 - LEADER
fixed length control field 02584naaa 00277uu
001 - CONTROL NUMBER
control field https://directory.doabooks.org/handle/20.500.12854/64379
005 - DATE AND TIME OF LATEST TRANSACTION
control field 20260218105658.0
008 - FIXED-LENGTH DATA ELEMENTS--GENERAL INFORMATION
fixed length control field 211013s9999 xx 000 0 und d
020 ## - INTERNATIONAL STANDARD BOOK NUMBER
International Standard Book Number 9780702077821
042 ## - AUTHENTICATION CODE
Authentication code dc
245 #0 - TITLE STATEMENT
Title Ethics, conflict and medical treatment for children : From disagreement to dissensus
260 ## - PUBLICATION, DISTRIBUTION, ETC.
Place of publication, distribution, etc. London
Name of publisher, distributor, etc. Elsevier Ltd
Date of publication, distribution, etc. 2018
300 ## - PHYSICAL DESCRIPTION
Extent 1 electronic resource (180 p.)
520 ## - SUMMARY, ETC.
Summary, etc. What should happen when doctors and parents disagree about what would be best for a child? When should courts become involved? Should life support be stopped against parents' wishes? The case of Charlie Gard, reached global attention in 2017. It led to widespread debate about the ethics of disagreements between doctors and parents, about the place of the law in such disputes, and about the variation in approach between different parts of the world. In this book, medical ethicists Dominic Wilkinson and Julian Savulescu critically examine the ethical questions at the heart of disputes about medical treatment for children. They use the Gard case as a springboard to a wider discussion about the rights of parents, the harms of treatment, and the vital issue of limited resources. They discuss other prominent UK and international cases of disagreement and conflict. From opposite sides of the debate Wilkinson and Savulescu provocatively outline the strongest arguments in favour of and against treatment. They analyse some of the distinctive and challenging features of treatment disputes in the 21st century and argue that disagreement about controversial ethical questions is both inevitable and desirable. They outline a series of lessons from the Gard case and propose a radical new dissensus framework for future cases of disagreement.
540 ## - TERMS GOVERNING USE AND REPRODUCTION NOTE
Terms governing use and reproduction Creative Commons
653 ## - INDEX TERM--UNCONTROLLED
Uncontrolled term child
700 1# - ADDED ENTRY--PERSONAL NAME
Personal name Wilkinson, Dominic
856 ## - ELECTRONIC LOCATION AND ACCESS
Uniform Resource Identifier <a href="https://docs.google.com/spreadsheets/d/1yKIrdCPDAG_9c22mwoOIO2DOhtj65Wqa/edit?usp=sharing&ouid=106555315294820607512&rtpof=true&sd=true ">https://docs.google.com/spreadsheets/d/1yKIrdCPDAG_9c22mwoOIO2DOhtj65Wqa/edit?usp=sharing&ouid=106555315294820607512&rtpof=true&sd=true </a>
Link text List of Curated E-Books
942 ## - ADDED ENTRY ELEMENTS (KOHA)
Koha item type E-Book
Holdings
Withdrawn status Source of classification or shelving scheme Damaged status Not for loan Home library Current library Date acquired Total Checkouts Date last seen Price effective from Koha item type
  Library of Congress Classification   Not For Loan Directory of Open Access Books Directory of Open Access Books 12/22/2021   12/22/2021 12/22/2021 E-Book

University of Rizal System
Email us at univlibservices@urs.edu.ph

Visit our Website www.urs.edu.ph/library